LEADER 01951nam a2200277 i 4500 001 000000005395 003 CaOOAMICUS 005 20250407134934.0 008 180830s1698 gw u000 u lat u 040 $aSeMil$bita 100 1 $aSulger, Arsenius,$c.$0(OLS)http://semarc/name/89464 245 10$aAnnales imperialis monasterii Zwifaltensis, ordinis s. benedicti in Sueviâ, ordine temporis et abbatum serie distincti ; atque à primâ origine ad haec usque tempora deducti ... authore R.P. Arsenio Sulger... Pars 1. [-2.]. 250 $aNunc primum post operosam recognitionem prodit in lucem. 260 $aAugustae Vindelicorum :$bTypis Mariae Magdalenae Utzschneiderin,$c1698. 300 $a2 v. ;$c4°. 500 $aLegati insieme i 2 vol. 700 1 $aLoccenius, Johann.$0(OLS)http://semarc/name/89463 700 1 $aKraus, Johann Ulrich .$0(OLS)http://semarc/name/79680 700 1 $aGlückher, Johann Georg .$0(OLS)http://semarc/name/89467 700 1 $aWolfgang, Johann Georg .$0(OLS)http://semarc/name/89466 700 1 $aUtzschneiderin, Maria Magdalena,$c.$0(OLS)http://semarc/name/89465 774 0 $aSulger, Arsenius, $tPars prima Complectens tria saecula.$dAugustae Vindelicorum : Typis Mariae Magdalenae Utzschneiderin, 1698.$g1$w()252642 774 0 $aSulger, Arsenius, $tPars secunda Complectens tria posteriora saecula.$dAugustae Vindelicorum : Typis Mariae Magdalenae Utzschneiderin, 1698.$g2$w()252644 996 $6245$aAnnales imperialis monasterii Zwifaltensis, ordinis s. benedicti in Sueviâ, ordine temporis et abbatum serie distincti ; atque à primâ origine ad haec usque tempora deducti ... authore R.P. Arsenio Sulger... Pars 1. [-2.]$9(OLS)http://semarc/title/400798 996 $6260$aAugustae Vindelicorum :$bTypis Mariae Magdalenae Utzschneiderin$9(OLS)http://semarc/publisher/55739 LEADER 01106nam a2200229 i 4500 001 000000123877 003 CaOOAMICUS 005 20040308000000.0 008 040308s1943 it u000 u ita u 013 $a96573 040 $aSeMil$bita 100 1 $aFelici, Icilio,$c.$0(OLS)http://semarc/name/5522 245 10$aDa luterano ad apostolo :$bDon Carlo Steeb fondatore delle "Sorelle della misericordia" di Verona /$cIcilio Felici ; Presentazione di Mons. G. Manzini Vic. Gen. 260 $aPisa :$bNistri-Lischi,$cstampa 1943. 300 $a256 p., [14] p. di tav. ;$c19 cm. 600 14$aSteeb, Carlo,$c.$0(OLS)http://semarc/subject/23772 700 1 $aManzini, Giuseppe.$0(OLS)http://semarc/name/51444 850 $aSeMil 852 $aSeMil$W1$xVenegono$y1$m3G II 282$j78517$B78517$CSeMilBibl$Z2$F80834 $81 961 $aLascito: Cenacolo 996 $6245$aDa luterano ad apostolo :$bDon Carlo Steeb fondatore delle "Sorelle della misericordia" di Verona$9(OLS)http://semarc/title/182203 996 $6260$aPisa :$bNistri-Lischi$9(OLS)http://semarc/publisher/33669